00878nam a22002177a 450000500170000000800410001702000220005805000180008010000380009824500950013625000230023126000340025430000380028850000530032650000240037950000890040365000270049294200120051995201120053199900170064320231102151645.0140410t20101993m a | |||| 00| 0 s d a978-968-24-4671-914aHG4028.C4 C671 aCORTAZAR MARTINEZ, Alfonso, autor00aIntroducción al análisis de proyectos de inversiónc / Alfonso Cortázar Martínez aprimera edición.3 aMéxicob : Trillasc , 2010 a96 páginas.b : ils.c ; 23 cm. aIncluye: índice de contenido y bibliografía. aReimpresión 2010. aEducación Mixta. Lic. en Contaduria / Auditoría administrativa / P25 / 09 00220614aINVERSIONES DE CAPITAL cLB2ddc 00102lcc4070a09b09d2014-04-10l1oHG4028.C4 C67p09 002206r2015-09-28s2015-09-28t1w2014-04-10yLB c92396d92396